Anthropological profile of immigrant Bengalis in Delhi (Record no. 10758)

MARC details
000 -LEADER
fixed length control field 00513nam a2200181Ia 4500
082 ## - DEWEY DECIMAL CLASSIFICATION NUMBER
Classification number TB.0061
100 ## - MAIN ENTRY--AUTHOR NAME
Personal name Banerjee, Bijon Gopal
245 #0 - TITLE STATEMENT
Title Anthropological profile of immigrant Bengalis in Delhi
260 ## - PUBLICATION, DISTRIBUTION, ETC. (IMPRINT)
Year of publication 1981
Name of publisher Panjab University
300 ## - PHYSICAL DESCRIPTION
Number of Pages 330
650 ## - SUBJECT ADDED ENTRY--TOPICAL TERM
Topical Term Emigrants
650 ## - SUBJECT ADDED ENTRY--TOPICAL TERM
Topical Term Immigrants
Geographic subdivision Delhi
650 ## - SUBJECT ADDED ENTRY--TOPICAL TERM
Topical Term Delhi
Geographic subdivision Emigration and ImmigrationDELHI - EMIGRATION AND IMMIGRATION
650 ## - SUBJECT ADDED ENTRY--TOPICAL TERM
Topical Term Bengalis
Geographic subdivision Delhi
650 ## - SUBJECT ADDED ENTRY--TOPICAL TERM
Topical Term Foreign population
710 ## - ADDED ENTRY--CORPORATE NAME
Corporate name or jurisdiction name as entry element Chopra, S.R.K
942 ## - ADDED ENTRY ELEMENTS (KOHA)
Koha item type Thesis
Source of classification or shelving scheme Dewey Decimal Classification
Holdings
Withdrawn status Lost status Damaged status Not for loan Home library Current library Date acquired Bill Date Full call number Accession Number Price effective from Koha item type
        NASSDOC Library NASSDOC Library 08/10/2004 2004-10-22 TB.0061 16797 18/04/2019 Thesis